Americans - Sudden Death - Statistics

General Stats
  • This quiz has been taken 523 times
    134 since last reset
  • The average score is 9 of 25
Answers on the Grid
Answers color-coded by a green-red scale on the quiz's grid according to % correct below.
Adele
Alex Trebek
Angelina Jolie
Ariana Grande
Avril Lavigne
Ben Affleck
Beyoncé
Bruce Springsteen
Céline Dion
Chris Hemsworth
Demi Lovato
Drake
Dwayne Johnson
Elizabeth Olsen
Elon Musk
Eminem
Emma Watson
Freddie Mercury
Gal Gadot
Gwyneth Paltrow
Harry Styles
Hugh Jackman
Iggy Azalea
Jeff Bezos
Jennifer Lopez
Jim Carrey
Jimi Hendrix
Julia Roberts
Justin Bieber
Katy Perry
Lana Del Rey
Leonardo DiCaprio
Lucy Liu
Margot Robbie
Michael Jackson
Morgan Freeman
Nicki Minaj
Olivia Newton-John
Paul McCartney
Rachel McAdams
Rihanna
Ryan Reynolds
Shakira
Shawn Mendes
Sigourney Weaver
Snoop Dogg
Taylor Swift
Tom Cruise
Tom Holland
Will Smith
 
Answer Stats
Answer % Correct
Eminem
63%
Angelina Jolie
61%
Ariana Grande
59%
Ben Affleck
47%
Beyoncé
47%
Bruce Springsteen
41%
Dwayne Johnson
41%
Demi Lovato
39%
Michael Jackson
37%
Katy Perry
36%
Jeff Bezos
34%
Leonardo DiCaprio
34%
Elizabeth Olsen
32%
Jennifer Lopez
29%
Morgan Freeman
29%
Taylor Swift
29%
Snoop Dogg
27%
Jimi Hendrix
25%
Julia Roberts
24%
Lana Del Rey
24%
Will Smith
24%
Gwyneth Paltrow
22%
Tom Cruise
22%
Lucy Liu
17%
Sigourney Weaver
10%
No matching quizzes found
Score Distribution
Percent of People with Each Score
Percentile by Number Answered
Your Score History
You have not taken this quiz since the last reset